000 01067cam a22002775a 4500
001 L148733
002 18069
008 091029s2009 xxk f 000 0 eng d
020 _a9780728205741
035 _a(Sirsi) u148733
041 0 _aeng
050 0 4 _a711.14 $2 18
100 1 _aDenyer-Green, Barry
245 0 0 _aCompulsory purchase and compensation
250 _a9th ed.
260 _aLondon
_bEG Books
_c2009
300 _alxiv, 554p.
_c22cm.
350 _a39.99
520 _aConsiders compulsory purchase powers, how those powers can be exercised, compensation for compulsory purchase, and compensation and mitigation for worsenment. This edition has been extensively revised to take account of the relevant provisions of the Planning Act 2008 and other recent legal developments.
520 _aSuperseded by 10th ed. (ISBN 9780415629928).
521 _aAdvanced
590 _aKA
651 4 _aEngland and Wales
_y1543-
690 _aENVIRONMENTAL AND LAND CONSULTANCY-PLANNING AND DEVELOPMENT-COMPULSORY PURCHASE AND COMPENSATION
942 _n0
999 _c110193
_d110193